| 000 | 01760cam a22003375a 4500 | ||
|---|---|---|---|
| 001 | 18571762 | ||
| 005 | 20160302121257.0 | ||
| 008 | 150410t2015 enk frb 001 0 eng d | ||
| 010 | _a 2015372207 | ||
| 020 | _a9781841138268 (hardback) | ||
| 035 | _a(OCoLC)ocn901987238 | ||
| 040 |
_aYDXCP _beng _cYDXCP _dZWZ _dGWL _dNLGGC _dDLC _dEG-ScBUE |
||
| 043 | _ae------ | ||
| 082 | 0 | 4 |
_a343.4087 _bREI _222 |
| 100 | 1 |
_aReid, Emily _q(Emily Sarah) _939468 |
|
| 245 | 1 | 0 |
_aBalancing human rights, environmental protection and international trade : _blessons from the EU experience / _cEmily Reid. |
| 260 |
_aOxford : _bHart Publishing, _cc.2015. |
||
| 300 |
_axl, 324 p. ; _c24 cm. |
||
| 490 | 0 |
_aStudies in international trade law ; _vv. 16 |
|
| 500 | _aIndex : p. [314]-324. | ||
| 504 | _aIncludes bibliographical references. | ||
| 505 | 0 | _aThe emergence of human rights and environmental protection in the EU -- The standing of human rights and environmental protection in the EU legal order -- The EU's relations with third states -- Human rights and environmental protection in the EU's relations with third states -- The international context : the WTO legal order -- Trade and environment in the WTO legal order -- Human rights protection and WTO law -- Effecting the reconciliation of competing interests : reconceptualising the legal framework. | |
| 650 | 0 |
_aTrade regulation _zEuropean Union countries. _2BUEsh _936723 |
|
| 650 | 0 |
_aForeign trade regulation _zEuropean Union countries. _2BUEsh _936723 |
|
| 650 | 0 |
_aInternational trade _xEnvironmental aspects. _2BUEsh |
|
| 650 | 0 |
_aInternational trade _xSocial aspects. _2BUEsh |
|
| 650 | 0 |
_aHuman rights _xEconomic aspects. _2BUEsh |
|
| 651 | _2BUEsh | ||
| 653 |
_bLLAAWW _cFebruary2016 |
||
| 942 | _2ddc | ||
| 999 |
_c21284 _d21256 |
||